Piłka nożna - najlepsi strzelcy reprezentacji #2 - Statystyki

Ogólne statystyki
  • Ten quiz został rozwiązany 72 razy
  • Średni wynik to 11 z 15
Statystyki odpowiedzi
kraj status liczba bramek zawodnik % Poprawnych
Egipt aktywny 58 Mohamed Salah
95%
Norwegia aktywny 42 Erling Haaland
92%
Senegal aktywny 44 Sadio Mane
92%
Walia koniec kariery 40 Gareth Bale
91%
Kamerun koniec kariery 56 Samuel Eto'o
86%
Ukraina koniec kariery 48 Andriy Shevchenko
85%
Gabon aktywny 35 Pierre-Emerick Aubameyang
80%
Rumunia koniec kariery 35 Adrian Mutu | Gheorghe Hagi
79%
Kolumbia aktywny 36 Radamel Falcao
68%
Finlandia aktywny 42 Teemu Pukki
68%
Ekwador aktywny 46 Enner Valencia
61%
Słowacja aktywny 26 Marek Hamsik
59%
Szkocja koniec kariery 30 Denis Law | Kenny Dalglish
52%
Islandia aktywny 27 Gylfi Sigurdsson
41%
Wenezuela aktywny 47 Salomon Rondon
27%
Nie znaleziono quizów pasujących do podanych kryteriów
Rozkład punktacji
Procent ludzi z każdym wynikiem
Percentyl według liczby udzielonych odpowiedzi
Twoja historia wyników
Nie rozwiązałeś tego quizu